000 00210nam a2200085Ia 4500
008 120527s9999 xx 000 0 und d
100 _aRahr & Bangs
245 _aFoundations of education for business
942 _cBK
999 _c27148
_d27148